00331nam a2200121Ia 4500008004100000024001500041082001700056100002200073245003000095260002500125600002100150650003800171250506s9999 xx 000 0 und d a08B-006-BS a004.1072 FAI aFaizan Bin Fakhar 0aCentral Scheduling System aKarachi:bUIT,c2008 aComputer Science aBachelor of Computer Science (BS)